000 00943nam a2200265 i 4500
001 11680
003 ES-MaACL
005 20230906150142.0
007 t|
008 000000m19732011sp a |||| |cspa d
020 _a84-400-5733-4
080 _a636.09:614.25(460)
080 _a636.09(460)(091)
245 0 0 _aSemblanzas veterinarias /
_cM. Cordero del Campillo, C. Ruiz Martínez, B. Madariaga de la Campa (co-directores).
260 _aLeón :
_b[s.n.] ;
_aMadrid :
_bConsejo General de Colegios Veterinarios,
_c1973-2011.
300 _a3 v. :
_bil. ;
_c26 cm.
500 _aÍndice.
650 4 _aVeterinarios-
_zEspaña.
_917771
650 4 _aVeterinaria-
_zEspaña.
_9142545
700 1 _aRuiz Martínez, Carlos.
_9100867
700 1 _aMadariaga de la Campa, Benito.
_975296
700 1 _aCordero del Campillo, Miguel.
_940521
710 2 _aConsejo General de Colegios Veterinarios de España.
_93215
852 _aES-MaACL
_jP-1048
999 _c11680
_d11680